[Event "14. Ciudad de Linares"]
[Site "Linares ESP"]
[Date "1997.02.10"]
[Round "6"]
[White "Topalov, Veselin"]
[Black "Kasparov, Garry"]
[Result "0-1"]
[WhiteElo "2725"]
[BlackElo "2795"]

1.c4 e6 2.Cc3 d5 3.d4 Fe7 4.cxd5 exd5 5.Ff4 Cf6 6.e3 Ff5 7.Db3 Cc6 8.g4 
Cxg4 9.Cxd5 O-O 10.Fg2 Fh4 11.Fg3 Fe6 12.Rf1 a5 13.Ch3 a4 14.Dc4 Ca5 15.
Dc5 b6 16.Fxh4 bxc5 17.Fxd8 Taxd8 18.Ce7+ Rh8 19.d5 Fd7 20.Tc1 c4 21.Cg5 
h6 22.Cf3 Tb8 23.h3 Cf6 24.Cd4 Txb2 25.Ff3 Txa2 26.Rg2 Te8 27.Cec6 Fxc6 
28.Cxc6 Cxc6 29.dxc6 Txe3 30.Txc4 Tb3 31.Td4 Tbb2 32.Tf1 Td2 33.Tb4 Rh7 
34.Tb7 Ce8 35.Rg3 g6 36.Te1 Cd6 37.Txc7 Rg7 38.Td7 Cf5+ 39.Rf4 Txf2 0-1

[Event "Novgorod"]
[Site "Novgorod RUS"]
[Date "1997.06.12"]
[Round "2"]
[White "Topalov, Veselin"]
[Black "Kasparov, Garry"]
[Result "1/2-1/2"]
[WhiteElo "2725"]
[BlackElo "2795"]

1.e4 c5 2.Cf3 d6 3.d4 cxd4 4.Cxd4 Cf6 5.Cc3 a6 6.Fg5 e6 7.f4 Db6 8.Cb3 Fe7
9.Df3 Dc7 10.O-O-O Cbd7 11.g4 b5 12.Fxf6 Cxf6 13.g5 Cd7 14.a3 Tb8 15.h4 b4
16.axb4 Txb4 17.Ca2 Tb6 18.Dc3 Dxc3 19.Cxc3 h6 20.Fe2 Fb7 21.Ca5 Fa8 22.
Cc4 Tc6 23.Rb1 Cb6 24.b3 Cxc4 25.Fxc4 Tc5 26.Rb2 a5 27.Fd3 Fc6 28.Ca4 Fxa4
29.bxa4 1/2-1/2

[Event "Novgorod"]
[Site "Novgorod RUS"]
[Date "1997.06.19"]
[Round "7"]
[White "Kasparov, Garry"]
[Black "Topalov, Veselin"]
[Result "1/2-1/2"]
[WhiteElo "2795"]
[BlackElo "2725"]

1.e4 e5 2.Cf3 Cc6 3.Fb5 a6 4.Fa4 Cf6 5.O-O b5 6.Fb3 Fc5 7.a4 Tb8 8.axb5 
axb5 9.Cxe5 Cxe5 10.d4 Fxd4 11.Dxd4 d6 12.f4 Cc6 13.Dc3 Ce7 14.Dd3 O-O 15.
Cc3 c5 16.Cxb5 Cxe4 17.Dxe4 Txb5 18.Ta7 c4 19.Fxc4 d5 20.Dxe7 dxc4 21.Dxd8
Txd8 22.Ta8 Tf8 23.Ta4 Fe6 24.f5 Fd5 25.Te1 h5 26.h3 Tc8 27.Rh2 h4 28.f6 
gxf6 29.b3 f5 30.bxc4 1/2-1/2

[Event "SuperGM"]
[Site "Linares ESP"]
[Date "1998.02.26"]
[Round "5"]
[White "Kasparov, Garry"]
[Black "Topalov, Veselin"]
[Result "1/2-1/2"]
[WhiteElo "2825"]
[BlackElo "2740"]

1.e4 c5 2.Cf3 d6 3.d4 cxd4 4.Cxd4 Cf6 5.Cc3 a6 6.g3 e5 7.Cde2 Cbd7 8.a4 b6
9.Fg2 Fb7 10.h3 Fe7 11.g4 Cc5 12.Cg3 g6 13.Fh6 Ce6 14.Dd2 Tc8 15.O-O-O Tc4
16.Rb1 Dc7 17.The1 Td4 18.Dc1 Tb4 19.Fd2 Td4 20.Fh6 Tb4 21.Fd2 Td4 22.Fh6 
1/2-1/2

[Event "Sofia m 25'"]
[Site "Sofia BUL"]
[Date "1998.05.03"]
[Round "3"]
[White "Topalov, Veselin"]
[Black "Kasparov, Garry"]
[Result "0-1"]
[WhiteElo "2740"]
[BlackElo "2825"]

1.Cf3 d5 2.d4 Cf6 3.c4 e6 4.Cc3 Fe7 5.Fg5 O-O 6.e3 h6 7.Fh4 b6 8.Fe2 Fb7 
9.Fxf6 Fxf6 10.cxd5 exd5 11.b4 c5 12.bxc5 bxc5 13.Tb1 Fc6 14.O-O Cd7 15.
Fb5 Dc7 16.Dd3 Tfc8 17.h3 cxd4 18.Cxd4 Fb7 19.Tfc1 Cc5 20.Dd1 De7 21.Dg4 
g6 22.Ff1 Fg7 23.Dd1 Tab8 24.Tc2 Fa8 25.Tbc1 Td8 26.g3 Fxd4 27.exd4 Ce6 
28.h4 Df6 29.Ce2 Tb4 30.Tc8 Fb7 31.Txd8+ Cxd8 32.Dd2 Ta4 33.Dxh6 Txa2 34.
De3 Ce6 35.Tb1 Fc6 36.Dh6 Dd8 37.De3 Df6 38.Db3 Td2 39.De3 Cxd4 40.Cf4 De5
41.Da3 Rg7 42.Tc1 Fb5 43.Tc8 Fe8 44.Dc3 Fd7 45.Td8 Td1 46.Txd7 De4 47.Txd5
Txf1+ 0-1

[Event "Leon Man+Comp m"]
[Site "Leon ESP"]
[Date "1998.??.??"]
[Round "1"]
[White "Topalov, Veselin"]
[Black "Kasparov, Garry"]
[Result "1-0"]
[WhiteElo "2740"]
[BlackElo "2825"]

1.e4 c5 2.Cf3 Cc6 3.d4 cxd4 4.Cxd4 Cf6 5.Cc3 e5 6.Cdb5 d6 7.Fg5 a6 8.Ca3 
b5 9.Cd5 Fe7 10.Fxf6 Fxf6 11.c3 Fg5 12.Cc2 O-O 13.a4 bxa4 14.Txa4 a5 15.
Fc4 Tb8 16.b3 Rh8 17.O-O Fd7 18.Dd3 f5 19.Ta2 g6 20.f3 Fh6 21.Td1 Dh4 22.
Cde3 Tf6 23.Fd5 Tbf8 24.Cf1 Ce7 25.Cce3 Cxd5 26.Cxd5 fxe4 27.Dxe4 Dxe4 28.
fxe4 T6f7 29.Txa5 Fg4 30.Tda1 Fe6 31.Cfe3 Fxe3+ 32.Cxe3 Fxb3 33.c4 Tc8 34.
Tc1 Tb7 35.Ta6 Tb4 36.Txd6 Fa4 37.Te6 Tb3 38.Cd5 Fb5 39.Te7 Fa6 40.c5 Tf8 
41.c6 Tb2 42.h4 Fd3 43.Txe5 1-0

[Event "Leon Man+Comp m"]
[Site "Leon ESP"]
[Date "1998.??.??"]
[Round "2"]
[White "Kasparov, Garry"]
[Black "Topalov, Veselin"]
[Result "1-0"]
[WhiteElo "2825"]
[BlackElo "2740"]

1.d4 Cf6 2.Cf3 g6 3.c4 Fg7 4.g3 O-O 5.Fg2 c6 6.Cc3 d5 7.cxd5 cxd5 8.Ce5 e6
9.O-O Cfd7 10.f4 Cc6 11.Fe3 f6 12.Cf3 f5 13.Ce5 Cb6 14.b3 Fd7 15.Dd3 Cc8 
16.Fc1 Cxe5 17.dxe5 Tf7 18.Fe3 Fc6 19.Tfc1 Da5 20.a3 a6 21.Fd4 Ff8 22.e3 
Fe8 23.Dd2 Dd8 24.Ff1 Tc7 25.Db2 Tc6 26.Ca4 Txc1 27.Txc1 Fc6 28.Cc5 De8 
29.a4 a5 30.Dc3 Df7 31.Fb5 Fxb5 32.axb5 h6 33.Ca4 Fa3 34.Dxc8+ Txc8 35.
Txc8+ Rh7 36.b6 1-0

[Event "Leon Man+Comp m"]
[Site "Leon ESP"]
[Date "1998.??.??"]
[Round "3"]
[White "Topalov, Veselin"]
[Black "Kasparov, Garry"]
[Result "1/2-1/2"]
[WhiteElo "2740"]
[BlackElo "2825"]

1.e4 c5 2.Cf3 d6 3.d4 cxd4 4.Cxd4 Cf6 5.Cc3 a6 6.Fe3 e5 7.Cb3 Fe6 8.f3 Fe7
9.Dd2 Cbd7 10.g4 O-O 11.O-O-O Dc7 12.Rb1 Tfc8 13.g5 Ch5 14.Tg1 Cb6 15.Df2 
Fd8 16.h4 g6 17.Td2 Dc6 18.f4 exf4 19.Fxf4 Cxf4 20.Dxf4 De8 21.Cd4 Txc3 
22.bxc3 Ca4 23.Tg3 Fa5 24.Cxe6 Dxe6 25.Td4 Cxc3+ 26.Txc3 Fxc3 27.Fc4 De7 
28.Dxd6 Te8 29.Dxe7 Txe7 30.Td8+ Rg7 31.Fd5 Fe1 32.h5 gxh5 33.Tb8 b5 34.
Tb7 Txb7 35.Fxb7 a5 36.Rc1 h4 37.Rd1 Fg3 38.Re2 h3 39.Rf3 h2 40.Rg2 b4 41.
Fd5 Fe5 42.Fb3 Rg6 43.Rh1 h6 44.gxh6 f6 45.Rg2 Rxh6 46.Fa4 Rg5 47.Fc6 Rg4 
48.Fa4 Fg3 49.Fb5 Rf4 50.Fc6 Re3 51.Rh1 Fe5 52.Rg2 Rd2 53.Fa4 Rc3 54.Rh1 
Rb2 55.Fb3 Ra3 56.Fd5 Rb2 57.Fb3 Rc3 58.Fa4 1/2-1/2

[Event "Leon Man+Comp m"]
[Site "Leon ESP"]
[Date "1998.??.??"]
[Round "4"]
[White "Kasparov, Garry"]
[Black "Topalov, Veselin"]
[Result "1-0"]
[WhiteElo "2825"]
[BlackElo "2740"]

1.Cf3 Cf6 2.d4 g6 3.c4 Fg7 4.g3 c5 5.Fg2 Da5+ 6.Cc3 Ce4 7.Dd3 cxd4 8.Cxd4 
Cc5 9.Dd1 Cc6 10.e3 Ce6 11.O-O Dc5 12.Cdb5 a6 13.Ca4 Dxc4 14.Cbc3 Tb8 15.
Cb6 Dc5 16.Ccd5 O-O 17.b4 Dd6 18.Tb1 Cc7 19.Cc4 De6 20.e4 d6 21.Fe3 Dd7 
22.Ccb6 Dd8 23.f4 Cxd5 24.exd5 Ca7 25.Tc1 Ff5 26.g4 Cc8 27.Cc4 Fd7 28.De2 
Fb5 29.Df2 e6 30.Tfd1 e5 31.f5 gxf5 32.gxf5 Df6 33.a4 Fxc4 34.Txc4 Ce7 35.
Tf1 Rh8 36.Dg3 b5 37.Th4 Cxf5 38.Txh7+ Rxh7 39.Fe4 Rg8 40.Fxf5 e4 41.Dh3 
1-0

[Event "Leon Man+Comp m"]
[Site "Leon ESP"]
[Date "1998.??.??"]
[Round "5"]
[White "Topalov, Veselin"]
[Black "Kasparov, Garry"]
[Result "1-0"]
[WhiteElo "2740"]
[BlackElo "2825"]

1.e4 c5 2.Cf3 d6 3.d4 cxd4 4.Cxd4 Cf6 5.Cc3 a6 6.Fe3 e5 7.Cb3 Fe6 8.f3 
Cbd7 9.Dd2 Fe7 10.g4 h6 11.O-O-O b5 12.Rb1 Cb6 13.Ca5 Dc7 14.Fxb6 Dxb6 15.
Cd5 Cxd5 16.exd5 Fd7 17.h4 b4 18.Cc6 Fxc6 19.dxc6 Dxc6 20.Dxb4 d5 21.Db3 
Td8 22.c4 O-O 23.Txd5 Txd5 24.cxd5 Dd6 25.Dc4 e4 26.Dxe4 Tb8 27.Fd3 g6 28.
h5 Df6 29.Th2 Fa3 30.b3 Tb7 31.De3 Te7 32.Fe4 Tc7 33.Tc2 g5 34.Dd2 Txc2 
35.Rxc2 Da1 36.Rd3 Df1+ 37.Rd4 Da1+ 38.Rc4 Df1+ 39.Dd3 Df2 40.b4 Dxa2+ 41.
Db3 Dxb3+ 42.Rxb3 Fc1 43.Fd3 Ff4 44.Fxa6 Rf8 45.Rc4 Re7 46.Fc8 Fd6 47.Ff5 
Rf8 48.Fh7 Re7 49.b5 Rd7 50.Fg8 Re7 51.b6 1-0

[Event "Leon Man+Comp m"]
[Site "Leon ESP"]
[Date "1998.??.??"]
[Round "6"]
[White "Kasparov, Garry"]
[Black "Topalov, Veselin"]
[Result "1/2-1/2"]
[WhiteElo "2825"]
[BlackElo "2740"]

1.d4 Cf6 2.Cf3 e6 3.c4 c5 4.g3 cxd4 5.Cxd4 Db6 6.Fg2 Fc5 7.e3 Cc6 8.Cf3 
O-O 9.O-O Td8 10.Cc3 Da6 11.e4 Dxc4 12.Fg5 Fe7 13.e5 Ce8 14.Fxe7 Cxe7 15.
Cg5 h6 16.Cge4 Cc6 17.Cd6 Dc5 18.Te1 Cxd6 19.exd6 b6 20.Tc1 Da5 21.b4 Dxb4
22.Te4 Da5 23.Ta4 De5 24.Te4 Da5 25.Ta4 1/2-1/2

[Event "Leon Man+Comp m"]
[Site "Leon ESP"]
[Date "1998.??.??"]
[Round "7"]
[White "Topalov, Veselin"]
[Black "Kasparov, Garry"]
[Result "0-1"]
[WhiteElo "2740"]
[BlackElo "2825"]

1.e4 c5 2.Cf3 e6 3.d4 cxd4 4.Cxd4 Cc6 5.Cc3 d6 6.Fe3 Cf6 7.Fc4 Fe7 8.De2 
a6 9.Fb3 Dc7 10.O-O-O O-O 11.Thg1 Cd7 12.Rb1 Cc5 13.Dh5 Cxb3 14.axb3 Da5 
15.g4 Dxh5 16.gxh5 Te8 17.Fh6 g6 18.Ca4 Cxd4 19.Txd4 b5 20.Cb6 Tb8 21.Cxc8
Texc8 22.Td3 Tc5 23.hxg6 hxg6 24.Ff4 Th5 25.Fxd6 Fxd6 26.Txd6 Txh2 27.Tf1 
Ta8 28.Tb6 Rg7 29.c4 bxc4 30.bxc4 a5 31.Ra2 Th3 32.f3 g5 33.Tb5 Rf6 34.b3 
a4 35.b4 Th2+ 36.Ra3 Tc2 37.c5 Tc3+ 38.Rb2 Te3 39.Tf2 Re5 40.c6+ Rd6 41.
Tc5 Tb3+ 42.Ra2 Txb4 43.Tc3 Rc7 44.Td2 Td8 45.Txd8 Rxd8 46.Td3+ Rc7 47.
Td7+ Rxc6 48.Txf7 g4 49.fxg4 Txe4 50.Tg7 Te3 51.Tg8 Tg3 52.g5 Rd5 53.g6 
Re5 54.g7 Rf6 55.Ta8 Txg7 56.Txa4 Tb7 57.Tf4+ Rg5 58.Tf1 e5 59.Tg1+ Rf5 
60.Tf1+ Re4 61.Te1+ Rd4 62.Td1+ Rc3 63.Te1 Te7 64.Th1 e4 65.Rb1 e3 0-1

[Event "Leon Man+Comp m"]
[Site "Leon ESP"]
[Date "1998.??.??"]
[Round "8"]
[White "Kasparov, Garry"]
[Black "Topalov, Veselin"]
[Result "0-1"]
[WhiteElo "2825"]
[BlackElo "2740"]

1.Cf3 Cf6 2.c4 g6 3.Cc3 Fg7 4.g3 d6 5.Fg2 O-O 6.O-O e5 7.d4 Cbd7 8.e4 a6 
9.h3 exd4 10.Cxd4 Te8 11.Te1 Tb8 12.Fg5 h6 13.Fe3 Ce5 14.b3 c5 15.Cf3 
Cxf3+ 16.Dxf3 b5 17.Tad1 bxc4 18.Ff4 Te6 19.bxc4 Tb4 20.e5 De8 21.Cd5 Cxd5
22.cxd5 Txe5 23.Fxe5 Fxe5 24.Df6 Fd7 25.Df3 h5 26.Da3 Fb5 27.Rh1 Dd7 28.
Txe5 dxe5 29.De3 Dd6 30.Te1 Tb2 31.Dxe5 Dxe5 32.Txe5 Txa2 33.d6 Td2 34.
Txc5 Txd6 35.g4 hxg4 36.hxg4 Td4 37.g5 Tc4 38.Te5 Tf4 39.Rg1 Rf8 40.Fe4 
Fd7 41.f3 Ff5 42.Fb7 Ta4 43.Rf2 Fe6 44.Re3 Ta1 45.Rf4 a5 46.Fc6 Re7 47.Tb5
Rd6 48.Fe8 a4 49.Ta5 a3 50.Ta6+ Re7 0-1

[Event "Leon Man+Comp m"]
[Site "Leon ESP"]
[Date "1998.??.??"]
[Round "9"]
[White "Kasparov, Garry"]
[Black "Topalov, Veselin"]
[Result "1/2-1/2"]
[WhiteElo "2825"]
[BlackElo "2740"]

1.e4 c6 2.d4 d5 3.Cd2 dxe4 4.Cxe4 Ff5 5.Cg3 Fg6 6.Fc4 e6 7.C1e2 Fd6 8.Cf4 
Dh4 9.Cgh5 Fxh5 10.Dxh5 Dxh5 11.Cxh5 g6 12.Cf4 Cf6 13.Cd3 Cbd7 14.O-O a5 
15.a4 Cd5 16.c3 O-O 17.Fh6 Tfe8 18.Tfe1 Cc7 19.g3 b5 20.Fb3 Cb6 21.Ce5 
Fxe5 22.dxe5 Ccd5 23.h4 Teb8 24.Te4 Cxa4 25.Fxa4 bxa4 26.Texa4 Txb2 27.
Txa5 Txa5 28.Txa5 Tb8 29.c4 Cb6 30.Tc5 Tc8 31.g4 Cd7 32.Ta5 Cb6 33.Tc5 Cd7
34.Ta5 Cb6 35.Tc5 Cd7 1/2-1/2

[Event "Leon Man+Comp m"]
[Site "Leon ESP"]
[Date "1998.??.??"]
[Round "10"]
[White "Topalov, Veselin"]
[Black "Kasparov, Garry"]
[Result "0-1"]
[WhiteElo "2740"]
[BlackElo "2825"]

1.e4 c5 2.Cf3 Cc6 3.d4 cxd4 4.Cxd4 Cf6 5.Cc3 e5 6.Cdb5 d6 7.Fg5 a6 8.Ca3 
b5 9.Cd5 Fe7 10.Fxf6 Fxf6 11.c3 Fg5 12.Cc2 O-O 13.a4 bxa4 14.Txa4 a5 15.
Fc4 Tb8 16.b3 Rh8 17.O-O g6 18.Dd3 Fd7 19.Ta2 f5 20.f3 Fh6 21.Td1 Dh4 22.
Cce3 Fe6 23.Cf1 fxe4 24.Dxe4 Dxe4 25.fxe4 Tf7 26.Tf2 Rg7 27.Txf7+ Fxf7 28.
Rf2 Cd8 29.Ta1 Ce6 30.Txa5 Cc5 31.Cg3 Cxb3 32.Ta7 Cd2 33.Fa2 Tb2 34.Re1 
Rf8 35.Cb4 Cb3 36.Cd3 Txg2 37.Txf7+ Rxf7 38.Fxb3+ Rg7 39.Cf1 Ff4 40.h3 
Fg3+ 41.Rd1 h5 42.Fe6 Ff4 43.Ce1 Tf2 44.Fc4 g5 45.Fe2 g4 46.Cd3 Tg2 47.
hxg4 h4 48.Ff3 h3 49.Re1 Tc2 50.Cxf4 exf4 51.Cd2 h2 52.Cb1 0-1

[Event "SuperGM"]
[Site "Linares ESP"]
[Date "1998.??.??"]
[Round "12"]
[White "Topalov, Veselin"]
[Black "Kasparov, Garry"]
[Result "1/2-1/2"]
[WhiteElo "2740"]
[BlackElo "2825"]

1.d4 Cf6 2.c4 g6 3.Cc3 d5 4.cxd5 Cxd5 5.e4 Cxc3 6.bxc3 Fg7 7.Fb5+ c6 8.Fa4
O-O 9.Ce2 c5 10.O-O Cc6 11.Fe3 Ca5 12.dxc5 Cc4 13.Dxd8 Txd8 14.Fg5 Fd7 15.
Fb3 Ca5 16.Fxe7 Te8 17.Fd6 Txe4 18.Cd4 Cxb3 19.axb3 Fxd4 1/2-1/2

[Event "Sofia m 25'"]
[Site "Sofia BUL"]
[Date "1998.??.??"]
[Round "1"]
[White "Topalov, Veselin"]
[Black "Kasparov, Garry"]
[Result "0-1"]
[WhiteElo "2740"]
[BlackElo "2825"]

1.Cf3 d5 2.d4 Cf6 3.c4 e6 4.Cc3 Fe7 5.Fg5 h6 6.Fh4 O-O 7.e3 b6 8.Fe2 Cbd7 
9.cxd5 exd5 10.O-O Fb7 11.Tc1 c5 12.Da4 a6 13.dxc5 bxc5 14.Tfd1 Db6 15.Db3
Da7 16.Fg3 Tad8 17.Td2 Tfe8 18.Dd1 Ff8 19.Fh4 Da8 20.Ce1 Fe7 21.Fg3 Cf8 
22.Cf3 Ce6 23.Fh4 d4 24.exd4 cxd4 25.Ca4 Cf4 26.Cc5 Fxc5 27.Fxf6 d3 28.
Fxd3 Fxf3 29.gxf3 Td5 30.Fh4 Fb4 31.Tc3 Fxc3 32.bxc3 Ted8 0-1

[Event "Sofia m 25'"]
[Site "Sofia BUL"]
[Date "1998.??.??"]
[Round "2"]
[White "Kasparov, Garry"]
[Black "Topalov, Veselin"]
[Result "1-0"]
[WhiteElo "2825"]
[BlackElo "2740"]

1.e4 c5 2.Cf3 d6 3.d4 cxd4 4.Cxd4 Cf6 5.Cc3 a6 6.Fe3 Cg4 7.Fg5 h6 8.Fh4 g5
9.Fg3 Fg7 10.Fe2 h5 11.Cf5 Fxf5 12.exf5 Da5 13.O-O Fxc3 14.bxc3 Dxf5 15.
Tb1 Cd7 16.Txb7 Cgf6 17.Te1 Rf8 18.h3 Te8 19.Fxa6 h4 20.Fd3 Dd5 21.Tb5 Cc5
22.Fh2 Tg8 23.Tb4 Cxd3 24.cxd3 Dxa2 25.Tb5 Tg6 26.Tf5 g4 27.hxg4 Cxg4 28.
Df3 f6 29.Th5 Cxh2 30.Rxh2 Dd2 31.Te4 Dxc3 32.Texh4 Tg8 33.Tg4 Db3 34.
Txg8+ Dxg8 35.Dh3 Dg6 36.Th6 Dg5 37.Th8+ Rf7 38.Dh7+ Re6 39.Txe8 1-0

[Event "Sofia m 25'"]
[Site "Sofia BUL"]
[Date "1998.??.??"]
[Round "4"]
[White "Kasparov, Garry"]
[Black "Topalov, Veselin"]
[Result "1-0"]
[WhiteElo "2825"]
[BlackElo "2740"]

1.e4 c5 2.Cf3 e6 3.d4 cxd4 4.Cxd4 a6 5.Cc3 Dc7 6.Fe2 b5 7.O-O b4 8.Ca4 Fb7
9.c3 Cf6 10.cxb4 Fxb4 11.Fe3 O-O 12.Tc1 Cc6 13.Dd3 Da5 14.Cc5 Ce5 15.Db1 
Fxc5 16.Cb3 Dc7 17.Txc5 Db8 18.f3 d5 19.Ca5 Tc8 20.b4 Cc6 21.Cxb7 Dxb7 22.
Tfc1 dxe4 23.fxe4 Cd7 24.T5c3 Cde5 25.a4 Td8 26.b5 axb5 27.Dxb5 Dxb5 28.
axb5 Cb4 29.Tb1 Ta2 30.Ff1 Tc2 31.Txc2 Cxc2 32.Fc5 Cd4 33.b6 Cdc6 34.b7 h5
35.Fb6 Td2 36.Fa5 Td4 37.Fc3 1-0

[Event "SuperGM"]
[Site "Sarajevo BIH"]
[Date "1999.05.20"]
[Round "4"]
[White "Topalov, Veselin"]
[Black "Kasparov, Garry"]
[Result "1/2-1/2"]
[WhiteElo "2700"]
[BlackElo "2812"]

1.d4 Cf6 2.c4 g6 3.Cc3 d5 4.Cf3 Fg7 5.Db3 dxc4 6.Dxc4 O-O 7.Ff4 Ca6 8.e4 
c5 9.dxc5 Fe6 10.Db5 Fd7 11.Dxb7 Cxc5 12.Db4 Ce6 13.Fe5 a5 14.Da3 Db6 15.
Fc4 Tfc8 16.Fxf6 Fxf6 17.Cd5 Db8 18.Cxf6+ exf6 19.Fxe6 Fxe6 20.O-O Db4 21.
Dxb4 axb4 1/2-1/2

[Event "12. Olympiad"]
[Site "Moscow RUS"]
[Date "1994.??.??"]
[Round "11"]
[White "Korchnoi, Viktor"]
[Black "Topalov, Veselin"]
[Result "1/2-1/2"]
[WhiteElo "2615"]
[BlackElo "2645"]

1.d4 Cf6 2.c4 c5 3.d5 b5 4.Cf3 g6 5.cxb5 a6 6.bxa6 Fg7 7.Cc3 Fxa6 8.e4 
Fxf1 9.Rxf1 d6 10.h3 Cbd7 11.g3 Cb6 12.Rg2 Dd7 13.Db3 Db7 14.Db5+ Cfd7 15.
a4 Da6 16.Fd2 Cc4 17.Thc1 Cxd2 18.Cxd2 Dc8 19.De2 O-O 20.Cc4 Db7 21.Cb5 f5
22.Td1 f4 23.Td3 fxg3 24.fxg3 Ce5 25.Cxe5 Fxe5 26.Tb3 Da6 27.Taa3 Da5 28.
Tf3 c4 29.h4 Tac8 30.Txf8+ Txf8 31.Tf3 Txf3 32.Rxf3 Dxa4 33.Cc3 Da1 34.Cd1
Dc1 35.Rg2 Fd4 36.Rh3 Fxb2 37.Cxb2 c3 38.Cd3 Dh1+ 39.Rg4 c2 40.Rf4 1/2-1/2

[Event "?"]
[Site "Madrid ESP"]
[Date "1996.??.??"]
[Round "9"]
[White "Topalov, Veselin"]
[Black "Korchnoi, Viktor"]
[Result "1-0"]
[WhiteElo "2700"]
[BlackElo "2645"]

1.e4 e5 2.Cf3 Cc6 3.Fb5 a6 4.Fa4 Cf6 5.O-O Cxe4 6.d4 b5 7.Fb3 d5 8.dxe5 
Fe6 9.Cbd2 Cc5 10.c3 d4 11.Fxe6 Cxe6 12.cxd4 Ccxd4 13.a4 Fe7 14.Cxd4 Dxd4 
15.axb5 Dxe5 16.bxa6 O-O 17.Da4 Cc5 18.Dc4 Tfb8 19.Ta5 Dd6 20.Ce4 Cxe4 21.
Dxe4 Db4 22.Dxb4 Fxb4 23.Ta4 Tb6 24.a7 Fc5 25.Td1 h6 26.b4 Txb4 27.Txb4 
Fxb4 28.Fe3 Rf8 29.Tb1 1-0

[Event "?"]
[Site "Dos Hermanas ESP"]
[Date "1999.04.16"]
[Round "8"]
[White "Topalov, Veselin"]
[Black "Korchnoi, Viktor"]
[Result "1/2-1/2"]
[WhiteElo "2700"]
[BlackElo "2673"]

1.e4 e6 2.d4 d5 3.Cc3 Cf6 4.e5 Cfd7 5.f4 c5 6.Cf3 a6 7.Fe3 Db6 8.a3 Cc6 9.
Fe2 cxd4 10.Cxd4 Fc5 11.Ca4 Da5+ 12.c3 Fxd4 13.Fxd4 Cxd4 14.Dxd4 b6 15.Fd1
Db5 16.b4 a5 17.Cb2 Dc6 18.Ff3 axb4 19.cxb4 b5 20.Rf2 Db6 21.Re3 Db8 22.
Thc1 O-O 23.Tc6 Db7 24.Td6 Ta6 25.Txa6 Dxa6 26.Cd3 Cb6 27.Cc5 Da8 28.Rf2 
Dc6 29.Rg1 Fb7 30.Tc1 Dc7 31.Tc3 De7 32.g3 Fa8 33.h4 Cc4 34.Rh2 Tc8 35.Rh3
Fc6 36.g4 Dc7 37.Ca6 Db7 38.Cc5 Dc7 39.g5 Ta8 40.h5 Txa3 41.Txa3 Cxa3 42.
g6 hxg6 43.hxg6 Cc4 44.Fg4 Fd7 45.gxf7+ Rxf7 46.Dd3 g6 47.Fh5 Cxe5 48.fxe5
gxh5 49.Dh7+ Re8 50.Dxh5+ Rd8 51.Dh8+ Re7 52.Dg7+ Re8 53.Rg4 Dc6 54.Dg8+ 
Re7 55.Dg5+ Re8 56.Rh5 d4 57.Rh6 Df3 58.Dg8+ Re7 59.Dg5+ Re8 60.Dg8+ Re7 
61.Dg7+ Df7 1/2-1/2

[Event "Investbanka"]
[Site "Belgrade SCG"]
[Date "1995.??.??"]
[Round "6"]
[White "Topalov, Veselin"]
[Black "Kramnik, Vladimir"]
[Result "0-1"]
[WhiteElo "2670"]
[BlackElo "2730"]

1.e4 c5 2.Cf3 Cc6 3.d4 cxd4 4.Cxd4 Cf6 5.Cc3 d6 6.Fc4 Db6 7.Cdb5 a6 8.Fe3 
Da5 9.Cd4 Ce5 10.Fd3 Ceg4 11.Fc1 g6 12.Cb3 Db6 13.De2 Fg7 14.f4 Ch5 15.Cd5
Dd8 16.Fd2 e6 17.Fa5 Dh4+ 18.g3 Cxg3 19.Cc7+ Re7 20.hxg3 Dxg3+ 21.Rd1 Cf2+
22.Rd2 Cxh1 23.Cxa8 Dxf4+ 24.De3 Dh2+ 25.De2 Df4+ 26.De3 Dh2+ 27.De2 Fh6+ 
28.Rc3 De5+ 29.Rb4 Cg3 30.De1 Fg7 31.Cb6 d5 32.Ra4 Fd7+ 33.Cxd7 b5+ 34.Rb4
Rxd7 35.Fb6 Dxb2 36.exd5 Tc8 37.dxe6+ Re8 38.Fc5 Fc3+ 39.Dxc3 a5+ 40.Rxb5 
Dxc3 0-1

[Event "14. Ciudad de Linares"]
[Site "Linares ESP"]
[Date "1997.??.??"]
[Round "4"]
[White "Topalov, Veselin"]
[Black "Kramnik, Vladimir"]
[Result "0-1"]
[WhiteElo "2725"]
[BlackElo "2740"]

1.d4 d5 2.c4 c6 3.Cf3 Cf6 4.Cc3 e6 5.g3 Cbd7 6.Fg2 dxc4 7.a4 Fe7 8.O-O O-O
9.e4 e5 10.dxe5 Cg4 11.Ff4 Da5 12.e6 fxe6 13.De2 Cge5 14.Cd4 Cd3 15.Cxe6 
Tf6 16.Fc7 Db4 17.Cd4 Fc5 18.Cc2 Dxb2 19.Cd1 Db3 20.Cde3 C7e5 21.h3 Fe6 
22.Rh2 Th6 23.Tab1 Fg4 24.Cxg4 Cxg4+ 25.Dxg4 Dxc2 26.Dg5 Cxf2 27.Txf2 Dxf2
28.Tf1 Dd4 29.Fe5 Dd7 30.Dc1 De6 31.Fxg7 Rxg7 32.Dg5+ Tg6 33.Dxc5 Dd6 0-1

[Event "6. Amber Blindfold"]
[Site "Monaco MNC"]
[Date "1997.??.??"]
[Round "4"]
[White "Topalov, Veselin"]
[Black "Kramnik, Vladimir"]
[Result "1-0"]
[WhiteElo "2725"]
[BlackElo "2740"]

1.e4 e6 2.d4 d5 3.Cc3 Cf6 4.Fg5 dxe4 5.Cxe4 Fe7 6.Fxf6 Fxf6 7.Cf3 O-O 8.
Fc4 Cd7 9.De2 Fe7 10.O-O-O c6 11.h4 b5 12.Fd3 Dc7 13.Rb1 Cf6 14.Cxf6+ Fxf6
15.De4 g6 16.h5 Fb7 17.hxg6 hxg6 18.Ce5 Tfd8 19.Dg4 Fxe5 20.dxe5 Dxe5 21.
Fxg6 fxg6 22.Tde1 Df5 23.Dh4 Rf7 24.Dh7+ Rf6 25.g4 Dxg4 26.Dxb7 Th8 27.
Thg1 Df5 28.Dxc6 The8 29.Dc3+ e5 30.f4 Tac8 31.fxe5+ Rg7 32.Dd2 Tcd8 33.
De3 Tc8 34.Tg2 Te7 35.Tf2 Dh5 36.Df4 Rg8 37.a3 Tce8 38.e6 Td8 39.Df6 Td1+ 
40.Txd1 Dxd1+ 41.Ra2 Dd8 42.Th2 Dd5+ 43.b3 Tg7 44.e7 Df7 45.Th8+ 1-0

[Event "6. Amber Rapid"]
[Site "Monaco MNC"]
[Date "1997.??.??"]
[Round "4"]
[White "Kramnik, Vladimir"]
[Black "Topalov, Veselin"]
[Result "1/2-1/2"]
[WhiteElo "2740"]
[BlackElo "2725"]

1.Cf3 Cf6 2.c4 c5 3.Cc3 Cc6 4.g3 g6 5.Fg2 Fg7 6.d4 cxd4 7.Cxd4 O-O 8.O-O 
d6 9.Cxc6 bxc6 10.Fxc6 Tb8 11.Da4 Fh3 12.Fg2 Fxg2 13.Rxg2 Dd7 14.Tb1 Dxa4 
15.Cxa4 Tfc8 16.c5 dxc5 17.Fe3 c4 18.Fxa7 Tb4 19.Cc3 e6 20.Fd4 Cd5 21.Fxg7
Rxg7 22.Tfc1 Cxc3 23.Txc3 Tcb8 24.Tc2 g5 25.a3 Tb3 26.Txc4 Txb2 27.Txb2 
Txb2 28.e3 Ta2 29.Ta4 h5 30.h3 f5 31.Ta7+ Rf6 32.Ta8 g4 33.hxg4 hxg4 34.a4
Ta1 35.a5 Re5 36.a6 Re4 37.a7 Re5 38.Rh2 Re4 39.Rg2 Re5 1/2-1/2

[Event "7. Amber Blindfold"]
[Site "Monaco MNC"]
[Date "1998.03.14"]
[Round "2"]
[White "Kramnik, Vladimir"]
[Black "Topalov, Veselin"]
[Result "1-0"]
[WhiteElo "2790"]
[BlackElo "2740"]

1.Cf3 g6 2.d4 d6 3.c4 Fg7 4.Cc3 e5 5.dxe5 dxe5 6.Dxd8+ Rxd8 7.Fd2 Fe6 8.
O-O-O Cd7 9.Cg5 Fxc4 10.e4 Fxf1 11.Thxf1 Ch6 12.f4 c6 13.fxe5 Re7 14.Cf3 
Cg4 15.Fg5+ Re8 16.e6 fxe6 17.Td6 Cf8 18.Tfd1 Ff6 19.e5 Fxg5+ 20.Cxg5 Cxe5
21.Cxe6 Re7 22.Cd8 Tb8 23.Ce4 Cfd7 24.Te6+ Rxd8 25.Txe5 Tf8 26.Cc5 Tf7 27.
Te3 b6 28.Tf3 Txf3 29.Cxd7 Tf2 30.Cxb8+ Rc7 31.Ca6+ Rb7 32.Cb4 c5 33.Cc2 
Rc6 34.Td2 Tf1+ 35.Td1 Tf2 36.Tg1 g5 37.h3 h5 38.Ce1 c4 39.Cf3 c3 40.bxc3 
Txa2 41.Rb1 Tf2 42.Cxg5 Rd5 43.g4 h4 44.Td1+ Rc4 45.Ce4 Th2 46.g5 Rb3 47.
Tg1 a5 48.g6 1-0

[Event "7. Amber Rapid"]
[Site "Monaco MNC"]
[Date "1998.03.14"]
[Round "2"]
[White "Topalov, Veselin"]
[Black "Kramnik, Vladimir"]
[Result "1/2-1/2"]
[WhiteElo "2740"]
[BlackElo "2790"]

1.d4 Cf6 2.c4 e6 3.Cc3 Fb4 4.Dc2 O-O 5.a3 Fxc3+ 6.Dxc3 b6 7.Fg5 Fb7 8.f3 
h6 9.Fh4 d5 10.e3 Cbd7 11.cxd5 Cxd5 12.Fxd8 Cxc3 13.Fh4 Cd5 14.Ff2 c5 15.
Fb5 Tfd8 16.Ce2 cxd4 17.Cxd4 Cc5 18.O-O Cc7 19.Fc4 e5 20.Cf5 Fa6 21.Fxa6 
C7xa6 22.Ce7+ Rf8 23.Cc6 Te8 24.b4 Te6 25.bxc5 Txc6 26.cxb6 axb6 27.e4 Cc5
28.Tfc1 Tac8 1/2-1/2

[Event "8. Amber Rapidplay"]
[Site "Monaco MNC"]
[Date "1999.03.16"]
[Round "1"]
[White "Kramnik, Vladimir"]
[Black "Topalov, Veselin"]
[Result "1-0"]
[WhiteElo "2751"]
[BlackElo "2700"]

1.Cf3 c5 2.c4 g6 3.d4 Fg7 4.e4 Db6 5.dxc5 Dxc5 6.Fe2 d6 7.O-O Cc6 8.a3 Fg4
9.b4 Db6 10.Fe3 Dd8 11.Ta2 Cf6 12.Cc3 O-O 13.Td2 Cd7 14.Db3 a5 15.h3 Fxf3 
16.Fxf3 axb4 17.axb4 b6 18.Tfd1 Te8 19.Fe2 Dc7 20.Cb5 Db7 21.f4 Ta1 22.e5 
Txd1+ 23.Dxd1 Cxb4 24.Ff3 Db8 25.Da4 dxe5 26.Txd7 exf4 27.Ff2 e5 28.Cd6 
1-0

[Event "8. Amber Blindfold"]
[Site "Monaco MNC"]
[Date "1999.03.16"]
[Round "1"]
[White "Topalov, Veselin"]
[Black "Kramnik, Vladimir"]
[Result "1/2-1/2"]
[WhiteElo "2700"]
[BlackElo "2751"]

1.d4 Cf6 2.c4 e6 3.Cf3 d5 4.Cc3 Fe7 5.Fg5 h6 6.Fh4 O-O 7.e3 b6 8.Fe2 Fb7 
9.Fxf6 Fxf6 10.cxd5 exd5 11.b4 c6 12.Db3 a5 13.bxa5 Txa5 14.Tb1 Cd7 15.O-O
Fe7 16.a4 Fd6 17.e4 dxe4 18.Cxe4 Fc7 19.Tfe1 Cf6 20.Fd3 c5 21.dxc5 Cxe4 
22.Fxe4 Fxe4 23.Txe4 Txc5 24.g3 Df6 25.Rg2 Tc3 26.Dd1 Dc6 27.De2 Tc2 28.
De3 Tc3 29.De2 1/2-1/2